Länder, die mit M beginnen - Karten-Quiz - Statistiken

Allgemein
  • Dieses Quiz wurde 371 mal gespielt
  • Das Durchschnittsergebnis liegt bei 15 aus 17
Antworten auf der Karte
Die Antworten werden auf der Karte rot bzw. grün angezeigt, abhängig davon wie oft sie richtig erraten wurden.
 
Antwortstatistiken
Land % Korrekt
Marokko
100%
Mexiko
100%
Mongolei
98%
Madagaskar
97%
Malta
96%
Mali
95%
Moldawien
94%
Myanmar
92%
Mauretanien
91%
Monaco
91%
Malaysia
90%
Malediven
90%
Montenegro
90%
Mosambik
86%
Malawi
82%
Mauritius
81%
Marshallinseln
72%
Keine übereinstimmenden Quizze gefunden
Verteilung der Resultate
Anzahl Personen mit jedem Resultat
Perzentil nach korrekt beantworteten Fragen
Ihre Resultats-Entwicklung
Sie haben dieses Quiz noch nicht gespielt